• 首页
  • 本馆介绍
  • 公告通知
  • 最新文献
  • 馆藏检索
  • 电子资源
  • 读者导购
  • 参考咨询
  • 我的图书馆
  • 登录
  • 期刊详细显示
  • 现刊情况显示
  • 合订本情况显示
  • 篇目信息显示

期刊信息

  • 表格格式
  • 工作单格式
  • 卡片格式
索取号 
Q948/ZHWSHL
题名 
MOLECULAR PLANT
作者 
behalf of CSPP and IPPE,SIBS,CAS
分册号 
分册名 
出版地 
北京
出版者 
科学出版社
标准刊号 
1674-2052
出版频率 
月刊
中图法分类 
Q948
主题词 
植物地理学; 植物生态学
电子资源 
000 00772nas0 2200265 45
001 1136999316
005 20110706111501.17
011    @a1674-2052@dCNY10.00(2014)
091    @aCN31-2013/Q
100    @a20110706d2008 km y0chiy0120 ea
101 0  @aeng
102    @aCN@b110000
200 1  @aMOLECULAR PLANT@fbehalf of CSPP and IPPE,SIBS,CAS
210    @a北京@c科学出版社@d2008~
326    @a月刊@b2014~
326    @a双月刊@b~2013
432    @12001 @a植物生理与分子生物学学报
530    @a植物生理与分子生物学学报
541    @a分子植物(英文版)@AFen Zi Zhi Wu(Ying Wen Ban)
606 0  @a植物地理学
606 0  @a植物生态学
690    @aQ948@v4
711 02 @abehalf of CSPP and IPPE,SIBS,CAS
801  0 @aCN@bPFT@c20110706
905    @a10447@dQ948@eZHWSHL@y2008~
    
    MOLECULAR PLANT/behalf of CSPP and IPPE,SIBS,CAS.-北京:科学出版社,2008~
    
    ←识别题名:植物生理与分子生物学学报
    
    ISSN 1674-2052:CNY10.00(2014)
    
●
相关链接: 在易读查询期刊 在中国知网中查询期刊 在万方数据查询期刊 在维普查询期刊
唐山师范学院图书馆 欢迎您!
大连网信软件有限公司© 版权所有